Pluralismo moral y bienestar subjetivo del consumidor /
Spremljeno u:
| Glavni autor: | |
|---|---|
| Format: | Tekst |
| Oznake: |
Dodaj oznaku
Bez oznaka, Budi prvi tko označuje ovaj zapis!
|
MARC
| LEADER | 00000 a a2200000 04500 | ||
|---|---|---|---|
| 001 | 46573 | ||
| 003 | |||
| 040 | |||
| 100 | |a Aparicio-Cabrera, Abraham | ||
| 245 | |a Pluralismo moral y bienestar subjetivo del consumidor / |c Abraham Aparicio-Cabrera | ||
| 773 | |g volumen21, número64 ( , 2014), páginas 189-206 : tabla | ||
| 999 | |c 33963 |d 33963 | ||
